• 首页
  • 本馆介绍
  • 公告通知
  • 最新文献
  • 馆藏检索
  • 电子资源
  • 读者导购
  • 参考咨询
  • 我的图书馆
  • 登录
  • 详细信息显示
  • 放入我的书架
  • 预约/预借图书
  • 作者相关作品
  • 分类相关作品
  • 丛书相关作品
  • 出版社相关作品

书目信息

  • 表格格式
  • 工作单格式
  • 卡片格式
题名:
桃病虫害诊断与防治彩色图谱
    
 
作者: 鲍金平 , 吴英俊 主编
分册:  
出版信息: 北京   中国农业科学技术出版社  2020.1
页数: 98页
开本: 21cm
丛书名: 乡村振兴之农民素质教育提升系列丛书
单 册:
中图分类: S436.621
科图分类:
主题词: 桃--病虫害防治--图谱
电子资源:
ISBN: 978-7-5116-4570-8
000 01289nam2 2200313 45
001 012001003023
005 20141010160052.0
010    @a978-7-5116-4570-8@dCNY30.00
100    @a20200605d2020 em y0chiy50 ea
101 0  @achi
102    @aCN@b110000
105    @aa z 000yy
106    @ar
200 1  @a桃病虫害诊断与防治彩色图谱@Atao bing chong hai zhen duan yu fang zhi cai se tu pu@b专著@f鲍金平,吴英俊主编
210    @a北京@c中国农业科学技术出版社@d2020.1
215    @a98页@d21cm
225 2  @a乡村振兴之农民素质教育提升系列丛书
225 2  @a乡村振兴战略丛书
330    @a本书以桃树病虫害绿色防控和生产安全优质桃果品为宗旨,针对目前生产中存在的对桃树病虫害辨识不清、用药不对症、防治效果不佳等问题,精选了对桃产量和品质影响较大的24种侵染性病害、8种生理性病害和28种虫害,以彩色照片配合文字辅助说明的方式从病害(虫害)为害症状特征、发生规律和防治方法等方面进行阐述。
410  0 @12001 @a乡村振兴之农民素质教育提升系列丛书
410  0 @12001 @a乡村振兴战略丛书
461  0 @12001 @a乡村振兴之农民素质教育提升系列丛书
461  0 @12001 @a乡村振兴战略丛书
606 0  @a桃@x病虫害防治@j图谱
690    @aS436.621@v5
701  0 @a鲍金平@Abao jin ping@4主编
701  0 @a吴英俊@Awu ying jun@4主编
801  2 @aCN@bBJSDL@c20211018
905    @b1351209-12@dS436.621@e225@f4
    
    桃病虫害诊断与防治彩色图谱/鲍金平,吴英俊主编.-北京:中国农业科学技术出版社,2020.1
    98页;21cm.-(乡村振兴之农民素质教育提升系列丛书).-(乡村振兴战略丛书)
    
    
    ISBN 978-7-5116-4570-8:CNY30.00
    本书以桃树病虫害绿色防控和生产安全优质桃果品为宗旨,针对目前生产中存在的对桃树病虫害辨识不清、用药不对症、防治效果不佳等问题,精选了对桃产量和品质影响较大的24种侵染性病害、8种生理性病害和28种虫害,以彩色照片配合文字辅助说明的方式从病害(虫害)为害症状特征、发生规律和防治方法等方面进行阐述。
●
相关链接 在E读中查询图书 在五车中查询图书 在当当中查询图书 在豆瓣中查询图书


正题名:桃病虫害诊断与防治彩色图谱     索取号:S436.621/225         预约/预借

序号 登录号 条形码 馆藏地/架位号 状态 备注
1 1351209   213512091   第二样本阅览室/ [索取号:S436.621/225] 在馆    
2 1351210   213512108   第三借阅区/ [索取号:S436.621/225] 在馆    
3 1351211   213512117   第三借阅区/ [索取号:S436.621/225] 在馆    
4 1351212   213512126   第三借阅区/ [索取号:S436.621/225] 在馆    
唐山师范学院图书馆 欢迎您!
大连网信软件有限公司© 版权所有